| 000 | 01441cam a22002535a 4500 | ||
|---|---|---|---|
| 001 | 19158006 | ||
| 005 | 20171016113911.0 | ||
| 008 | 160628t2018 maua frb 001 0 eng d | ||
| 020 | _a9781284099430 | ||
| 040 |
_aDNLM/DLC _cDLC _beng _dEG-ScBUE |
||
| 082 | 0 | 4 |
_222 _a610.73 _bBRO |
| 100 | 1 |
_aBrown, Sarah Jo. _937843 |
|
| 245 | 1 | 0 |
_aEvidence-based nursing : _bthe research-practice connection / _cSarah Jo Brown. |
| 250 | _a4th ed. | ||
| 260 |
_aBurlington : _bJones & Bartlett Learning, _cc.2018. |
||
| 300 |
_axii, 388 p. : _bill. ; _c24 cm. |
||
| 504 | _aIncludes bibliographical references and index. | ||
| 505 | 0 | _aThe research-practice connection -- Research evidence -- Reading research articles -- Qualitative research -- Quantitative descriptive research -- Correlational research -- Experimental research -- Cohort research -- Systematic reviews -- Evidence-based clinical practice guidelines -- Asking clinical questions -- Searching for research evidence -- Appraising research evidence -- Appraising recommendations of clinical practice guidelines -- Appraising conclusions of systematic reviews with narrative synthesis -- Appraising findings of original studies -- Evidence based practice strategies -- Evidence-based practice participation -- At the point-of-care. | |
| 650 | 7 |
_aEvidence-based nursing. _2BUEsh _927247 |
|
| 651 | _2BUEsh | ||
| 653 |
_bNNUR _cOctober2017 |
||
| 655 |
_vReading book _934232 |
||
| 942 | _2ddc | ||
| 999 |
_c25486 _d25458 |
||